A politikai és gazdasági válságok hatása a magyar utazási piacra

Bibliográfiai részletek
Szerző: Kovács Melinda
További közreműködők: Nagy Dr Éva
Dokumentumtípus: Diplomadolgozat
Kulcsszavak:Válság
Terrorizmus
Gazdasági helyzet
Utazási döntés
Utazásszervezés
Online Access:http://dolgozattar.uni-bge.hu/7474

MARC

LEADER 00000nta a2200000 i 4500
001 dolg7474
005 20170102162312.0
008 160530suuuu hu om 000 hun d
040 |a BGE Dolgozattár Repozitórium  |b hun 
041 |a hu 
100 1 |a Kovács Melinda 
245 1 2 |a A politikai és gazdasági válságok hatása a magyar utazási piacra  |c Kovács Melinda  |h [elektronikus dokumentum] 
246 1 1 |a A politikai és gazdasági válságok hatása a magyar utazási piacra 
695 |a Válság 
695 |a Terrorizmus 
695 |a Gazdasági helyzet 
695 |a Utazási döntés 
695 |a Utazásszervezés 
700 1 |a Nagy Dr Éva  |e ths 
856 4 0 |u http://dolgozattar.uni-bge.hu/7474/1/Kov%C3%A1cs%20Melinda%20szakdolgozat%202016.pdf  |z Dokumentum-elérés